Математическая логика: Курс лекций. Задачник-практикум и решения

Bibliographic Details
Main Author: Лихтарников Л. М.
Other Authors: Сукачева Т. Г.
Language:Russian
Published: СПб., Лань, 1999
Series:Учебник для вузов. Специальная литература
Subjects:
Format: Book
KOHA link:https://koha.lib.tpu.ru/cgi-bin/koha/opac-detail.pl?biblionumber=13810

MARC

LEADER 00000nam0a2200000 4500
001 13810
005 20231030185206.0
010 |a 5811400829 
035 |a (RuTPU)RU\TPU\book\13893 
035 |a BOOK00013961 
090 |a 13810 
100 |a 20011209d1999 m y0rusy50 ca 
101 0 |a rus 
102 |a RU 
105 |a y j 000zy 
200 1 |a Математическая логика  |e Курс лекций. Задачник-практикум и решения  |f Л. М. Лихтарников, Т. Г. Сукачева 
210 |a СПб.  |c Лань  |d 1999 
215 |a 288 с. 
225 1 |a Учебник для вузов. Специальная литература 
451 1 |0 (RuTPU)RU\TPU\book\152465  |y 978-5-8114-0082-9  |t Математическая логика. Курс лекций. Задачник-практикум и решения  |o учебное пособие  |f Л. М. Лихтарников, Т. Г. Сукачева  |e 3-е изд., испр.  |c М.  |c СПб.  |c Краснодар  |n Лань  |d 2008  |p 288 с.  |a Лихтарников, Леонид Моисеевич 
610 1 |a математика 
610 1 |a математическая логика 
610 1 |a задачи 
610 1 |a решения 
610 1 |a учебные пособия 
675 |a 510.6(075.8)  |v 3 
700 1 |a Лихтарников  |b Л. М. 
701 1 |a Сукачева  |b Т. Г. 
801 0 |a RU  |b 63413507  |c 20011209  |g PSBO 
801 2 |a RU  |b 63413507  |c 20110324  |g PSBO 
942 |c BK